000 00760nam a2200229Ii 4500
003 JO-AjNU
008 230605s9999||||xx |||||||||||||| ||und||
017 _a2015/7/3091
020 _a978-9957-92-132-3
040 _aJO-AjNU
_bara
_erda
_cJO-AjNU
041 _aara
050 1 4 _aLB2805.B38 2016
100 3 _aبطاح، احمد، م.مشارك حسن الطعاني,
_eauthor
_960030
245 0 0 _aالادارة التربوية: رؤية معاصرة
250 _aط1
264 3 1 _aعمان: دار الفكر ناشرون وموزعون، 2016
300 _a304ص
336 _atext
_btxt
_2rdacontent
337 _aunmediated
_bn
_2rdamedia
338 _avolume
_bnc
_2rdacarrier
650 4 _aالادارة التربوية-التعلم
_960031
999 _aA27044
_c30612
_d30612